| 000 | 01105nam a2200265Ia 4500 | ||
|---|---|---|---|
| 999 |
_c65245 _d65245 |
||
| 005 | 20240530110814.0 | ||
| 008 | 140319s2007 au a f b 000 0 ara d | ||
| 017 |
_a2007/20613 _bمصر. دار الكتب |
||
| 020 | _a9774374797 | ||
| 040 |
_aGCL / _cGCL |
||
| 082 | 0 | 4 |
_221 _a792.028 / _bك ت |
| 100 | 1 | _aكروفورد ، جيرى ل. | |
| 245 | 1 | 2 |
_aالتمثيل بشخص الممثل والتمثيل بالاسلوب / _cتأليف جيرى ل. كروفورد ؛ ترجمة وتقديم سامى صلاح ؛ مراجعة نبيل راغب _nالجزء الثانى |
| 250 | _aط.1 | ||
| 260 |
_aالقاهرة : _bوزارة الثقافة : مهرجان القاهرة الدولى للمسرح التجريبى، _c2007 . |
||
| 300 |
_a859 ص. : _bايض. ؛ _c24 سم. |
||
| 650 | 0 | 7 |
_aالمسرح _2qrmak |
| 650 | 0 | 7 |
_aالتمثيل _2qrmak |
| 650 | 0 | 7 |
_aالمسرح _xتاريخ ونقد _2qrmak |
| 651 | _2qrmak | ||
| 700 | 0 |
_aسامى صلاح _eمترجم _eمقدم |
|
| 700 | 0 |
_aنبيل راغب _eمراجع |
|
| 942 |
_2ddc _cBK |
||